000 00445nam a2200169Ia 4500
003 GCL
008 140319s9999 xx 000 0 eng d
040 _aGCL /
_cGCL
082 0 4 _a121
_bC T
100 1 _aCHISHOLM, RODEVICK M
245 1 0 _aTHEORY OF KNOWLEDGE /
_cCHISHOLM, RODEVICK M
260 _a[S.N] :
_bprentice\hall internationl,inc. ،
_c1989
300 _a104 P
650 0 4 _aPHILOSOPHY
650 0 4 _aKNOWLEDGE
942 _2ddc
_cBK
999 _c16680
_d16680